[Event "Campeonato del Mundo por Equipos 2005"]
[Site "Beer Sheva ISR"]
[Date "2005.11.04"]
[Round "4.1"]
[White "Avrukh, Boris"]
[Black "Ni, Hua"]
[Result "1/2-1/2"]
[WhiteElo "2652"]
[BlackElo "2603"]
[PlyCount "215"]
[EventDate "2005.11.01"]
[EventType "team"]
[EventRounds "8"]
[EventCountry "ISR"]
[Source "lmi"]
[SourceDate "2005.11.11"]
[WhiteTeam "Israel"]
[BlackTeam "CHM"]
[WhiteTeamCountry "ISR"]

1. d4 d5 2. c4 c6 3. Nf3 Nf6 4. Nc3 dxc4 5. a4 Bf5 6. Ne5 Nbd7 7. Nxc4 Nb6 8.
Ne5 a5 9. Bg5 h6 10. Bh4 Nbd5 11. Qb3 Qb6 12. Qxb6 Nxb6 13. f3 Nfd7 14. e4 Bh7
15. Nd3 e6 16. Be2 f6 17. Bg3 Be7 18. O-O g5 19. Bd1 c5 20. Nb5 Kf7 21. Rc1 c4
22. Nf2 e5 23. dxe5 Nxe5 24. Bxe5 fxe5 25. Ng4 Kg7 26. Nxe5 Rhc8 27. Be2 Bg8
28. Rfd1 Rd8 29. Kf1 Nxa4 30. Nxc4 Rxd1+ 31. Rxd1 Bxc4 32. Bxc4 Nxb2 33. Rd7
Nxc4 34. Rxe7+ Kf6 35. Rc7 Ne5 36. Rxb7 a4 37. Nc7 Ra5 38. Rb6+ Kf7 39. Nb5 a3
40. Nxa3 Rxa3 41. Rxh6 Nd3 42. h4 Ra1+ 43. Ke2 Nf4+ 44. Kf2 Ra2+ 45. Kf1 gxh4
46. Rxh4 Nxg2 47. Rh2 Ne3+ 48. Kg1 Ra3 49. Rh5 Kg6 50. Rc5 Ra2 51. f4 Rg2+ 52.
Kh1 Rf2 53. Rg5+ Kf6 54. Rg3 Nc4 55. Kg1 Rxf4 56. Kg2 Ke5 57. Rg8 Kd4 58. e5
Nxe5 59. Ra8 Ke3 60. Ra3+ Nd3 61. Kg3 Rd4 62. Ra8 Ne5 63. Ra3+ Ke4 64. Rb3 Ra4
65. Rb8 Ra3+ 66. Kg2 Ng6 67. Kf2 Rf3+ 68. Ke2 Nf4+ 69. Kd2 Rf2+ 70. Kc3 Nd5+
71. Kb3 Rf3+ 72. Kb2 Kd4 73. Rh8 Rf7 74. Rh3 Rb7+ 75. Rb3 Nb4 76. Kc1 Rh7 77.
Kb1 Rh1+ 78. Kb2 Nd3+ 79. Kc2 Rh2+ 80. Kb1 Nc5 81. Rb8 Ne6 82. Rb2 Rh1+ 83. Ka2
Kc3 84. Rb3+ Kc4 85. Rg3 Rh4 86. Kb2 Nd4 87. Rg8 Rh2+ 88. Kb1 Nb5 89. Kc1 Nd4
90. Kb1 Ne2 91. Rc8+ Kd3 92. Kb2 Rh6 93. Rb8 Nd4 94. Rb7 Rh8 95. Kb1 Nc6 96.
Rg7 Rh3 97. Kb2 Ne5 98. Kb3 Kd4+ 99. Ka2 Nc4 100. Rg2 Kc3 101. Rf2 Nd2 102. Rg2
Ne4 103. Rg8 Nd6 104. Ka3 Kc4+ 105. Ka4 Ne4 106. Ka5 Ra3+ 107. Kb6 Kd5 108. Rg1
1/2-1/2

[Event "Campeonato del Mundo por Equipos 2005"]
[Site "Beer Sheva ISR"]
[Date "2005.11.04"]
[Round "4.1"]
[White "Zhang, Zhong"]
[Black "Roiz, Michael"]
[Result "1-0"]
[WhiteElo "2598"]
[BlackElo "2600"]
[PlyCount "119"]
[EventDate "2005.11.01"]
[EventType "team"]
[EventRounds "8"]
[EventCountry "ISR"]
[Source "lmi"]
[SourceDate "2005.11.11"]
[WhiteTeam "CHM"]
[BlackTeam "Israel"]
[BlackTeamCountry "ISR"]

1. e4 e6 2. d4 d5 3. Nc3 Nf6 4. e5 Nfd7 5. f4 c5 6. Nf3 Nc6 7. Be3 a6 8. Qd2 b5
9. a3 g5 10. fxg5 cxd4 11. Nxd4 Ncxe5 12. Be2 Bb7 13. Bh5 Qe7 14. O-O Bg7 15.
Nce2 O-O 16. b3 Rac8 17. Ng3 f5 18. gxf6 Nxf6 19. Bh6 Nfd7 20. Bxg7 Kxg7 21.
Be2 Kg8 22. Qh6 Rf6 23. Rxf6 Qxf6 24. Qxf6 Nxf6 25. Rf1 Ned7 26. Nxe6 Rxc2 27.
Nd4 Rd2 28. Ngf5 Nc5 29. b4 Nce4 30. Rc1 Ne8 31. Bh5 Ng7 32. Bf3 Nxf5 33. Nxf5
Ra2 34. h4 Kf7 35. Rc7+ Kf6 36. Ne3 Nd6 37. Rxh7 Rxa3 38. Ng4+ Ke6 39. Rh6+ Ke7
40. Ne5 a5 41. Rh7+ Ke6 42. Nd7 axb4 43. Bg4+ Nf5 44. Nc5+ Kf6 45. Rxb7 Nxh4
46. Rxb5 Rc3 47. Nd7+ Ke7 48. Nb6 Kd6 49. Rxb4 Rc1+ 50. Kh2 Rc2 51. Bh3 Nf3+
52. Kg3 Ne5 53. Rd4 Rc3+ 54. Kh2 Rc5 55. Nc8+ Kc6 56. Ne7+ Kd6 57. Nf5+ Kc6 58.
Rd1 Ng6 59. Bg4 Ne5 60. Bf3 1-0

[Event "Campeonato del Mundo por Equipos 2005"]
[Site "Beer Sheva ISR"]
[Date "2005.11.04"]
[Round "4.2"]
[White "Jobava, Baadur"]
[Black "Zhao, Xue"]
[Result "0-1"]
[WhiteElo "2601"]
[BlackElo "2478"]
[PlyCount "94"]
[EventDate "2005.11.01"]
[EventType "team"]
[EventRounds "8"]
[EventCountry "ISR"]
[Source "lmi"]
[SourceDate "2005.11.11"]
[WhiteTeam "Georgia"]
[BlackTeam "CHW"]
[WhiteTeamCountry "GEO"]

1. d4 Nf6 2. c4 e6 3. Nf3 b6 4. Bg5 Bb7 5. Nc3 Be7 6. e3 h6 7. Bh4 Ne4 8. Nxe4
Bxe4 9. Bg3 O-O 10. Bd3 Bxd3 11. Qxd3 d6 12. e4 Nd7 13. O-O Nf6 14. h3 Qd7 15.
Rfe1 Rad8 16. Rad1 c6 17. e5 Nh7 18. exd6 Bxd6 19. Bh4 Rc8 20. d5 exd5 21. cxd5
c5 22. Ne5 Bxe5 23. Rxe5 Rfe8 24. Rxe8+ Rxe8 25. d6 Nf8 26. Qd5 Qa4 27. Be7 Ne6
28. Re1 Qd7 29. Re3 Nd4 30. b4 Ne6 31. b5 Rc8 32. a4 Nd4 33. h4 Re8 34. Re4 Rc8
35. Kh2 Ne6 36. Re3 c4 37. Rc3 Rc5 38. Qd1 Nf4 39. Rg3 c3 40. Bf6 Nh5 41. Bd4
Qxd6 42. Qg4 c2 43. Bb2 c1=Q 44. Bxc1 Nxg3 45. Bf4 Nf1+ 46. Kg1 Qd4 47. Qg3
Nxg3 0-1

[Event "Campeonato del Mundo por Equipos 2005"]
[Site "Beer Sheva ISR"]
[Date "2005.11.04"]
[Round "4.2"]
[White "Huang, Qian"]
[Black "Pantsulaia, Levan"]
[Result "1/2-1/2"]
[WhiteElo "2398"]
[BlackElo "2578"]
[PlyCount "131"]
[EventDate "2005.11.01"]
[EventType "team"]
[EventRounds "8"]
[EventCountry "ISR"]
[Source "lmi"]
[SourceDate "2005.11.11"]
[WhiteTeam "CHW"]
[BlackTeam "Georgia"]
[BlackTeamCountry "GEO"]

1. d4 Nf6 2. c4 e6 3. Nc3 c5 4. d5 exd5 5. cxd5 d6 6. e4 g6 7. h3 Bg7 8. Nf3
O-O 9. Bd3 a6 10. O-O Nbd7 11. Be3 Nh5 12. Qd2 Rb8 13. a4 Re8 14. Rfe1 Ne5 15.
Be2 Nf6 16. Nxe5 Rxe5 17. Bf3 Re7 18. Bg5 b5 19. axb5 axb5 20. Qf4 Re5 21. Qg3
b4 22. Na4 Qe7 23. Red1 Bd7 24. b3 h6 25. Bf4 Ne8 26. h4 g5 27. hxg5 hxg5 28.
Be3 Kf8 29. Ra2 Ra8 30. Nc3 Rxa2 31. Nxa2 g4 32. Bxg4 Bxg4 33. Qxg4 Rxe4 34.
Qf3 Nf6 35. Bf4 Re1+ 36. Rxe1 Qxe1+ 37. Kh2 Ne4 38. Nc1 Nd2 39. Qg4 Be5 40.
Qc8+ Ke7 41. Qc7+ Ke8 42. Qc8+ Ke7 43. Qc7+ Kf6 44. Qd8+ Kf5 45. Qg5+ Ke4 46.
Bxe5 Qxf2 47. Qg4+ Kxd5 48. Bf4 Ne4 49. Ne2 Kc6 50. Qc8+ Kb6 51. Qb8+ Kc6 52.
Qc8+ Kb6 53. Qg4 f5 54. Qf3 Qh4+ 55. Kg1 d5 56. Ng3 Nxg3 57. Bxg3 Qd4+ 58. Bf2
Qa1+ 59. Kh2 Qe5+ 60. g3 Kb5 61. Qd3+ c4 62. bxc4+ dxc4 63. Qd7+ Ka5 64. Qa7+
Kb5 65. Qd7+ Ka5 66. Qa7+ 1/2-1/2

[Event "Campeonato del Mundo por Equipos 2005"]
[Site "Beer Sheva ISR"]
[Date "2005.11.04"]
[Round "4.2"]
[White "Mchedlishvili, Mikheil"]
[Black "Wang, Yu A"]
[Result "1-0"]
[WhiteElo "2564"]
[BlackElo "2396"]
[PlyCount "69"]
[EventDate "2005.11.01"]
[EventType "team"]
[EventRounds "8"]
[EventCountry "ISR"]
[Source "lmi"]
[SourceDate "2005.11.11"]
[WhiteTeam "Georgia"]
[BlackTeam "CHW"]
[WhiteTeamCountry "GEO"]

1. c4 e5 2. Nc3 Nf6 3. Nf3 Nc6 4. a3 d5 5. cxd5 Nxd5 6. Qc2 Be7 7. e3 a6 8.
Nxd5 Qxd5 9. Bd3 Qd6 10. Be4 Bd7 11. b4 Bf6 12. Bb2 h6 13. Rc1 O-O 14. O-O Rfe8
15. d3 g6 16. Nd2 Bg7 17. Nb3 Bf5 18. Bxc6 bxc6 19. e4 Bd7 20. Rfd1 Qe7 21. Na5
h5 22. Qd2 Kh7 23. Rc5 Bh6 24. Qc2 Bf4 25. Bc1 Qg5 26. Bxf4 Qxf4 27. Qc1 Qf6
28. Nxc6 h4 29. h3 g5 30. d4 exd4 31. Nxd4 g4 32. Rh5+ Kg8 33. Nf5 Bxf5 34.
Rxf5 Qe7 35. Qh6 1-0

[Event "Campeonato del Mundo por Equipos 2005"]
[Site "Beer Sheva ISR"]
[Date "2005.11.04"]
[Round "4.3"]
[White "Grischuk, Alexander"]
[Black "Volokitin, Andrei"]
[Result "1-0"]
[WhiteElo "2720"]
[BlackElo "2666"]
[PlyCount "67"]
[EventDate "2005.11.01"]
[EventType "team"]
[EventRounds "8"]
[EventCountry "ISR"]
[Source "lmi"]
[SourceDate "2005.11.11"]
[WhiteTeam "Russia"]
[BlackTeam "Ukraine"]
[WhiteTeamCountry "RUS"]
[BlackTeamCountry "UKR"]

1. e4 c5 2. Nf3 Nc6 3. Bb5 g6 4. Bxc6 dxc6 5. d3 Bg7 6. h3 b6 7. a3 Nf6 8. Nc3
O-O 9. Bf4 Nh5 10. Bh2 e5 11. Bxe5 Bxe5 12. Nxe5 Nf4 13. Qf3 Qg5 14. g3 Nxh3
15. Nc4 b5 16. Ne3 b4 17. axb4 cxb4 18. Ne2 h5 19. Qg2 Qf6 20. d4 Ng5 21. f4
Ne6 22. e5 Qd8 23. Qe4 Bb7 24. g4 Nxd4 25. Nxd4 c5 26. Qxb7 Qxd4 27. Qf3 Qxb2
28. Kf2 Rad8 29. gxh5 Rd2+ 30. Kg3 g5 31. Nc4 gxf4+ 32. Kg4 Qxc2 33. Nxd2 Qxd2
34. Qxf4 1-0

[Event "Campeonato del Mundo por Equipos 2005"]
[Site "Beer Sheva ISR"]
[Date "2005.11.04"]
[Round "4.3"]
[White "Bareev, Evgeny"]
[Black "Karjakin, Sergey"]
[Result "1/2-1/2"]
[WhiteElo "2675"]
[BlackElo "2658"]
[PlyCount "116"]
[EventDate "2005.11.01"]
[EventType "team"]
[EventRounds "8"]
[EventCountry "ISR"]
[Source "lmi"]
[SourceDate "2005.11.11"]
[WhiteTeam "Russia"]
[BlackTeam "Ukraine"]
[WhiteTeamCountry "RUS"]
[BlackTeamCountry "UKR"]

1. d4 d5 2. c4 c6 3. Nc3 Nf6 4. e3 e6 5. Nf3 Nbd7 6. Bd3 dxc4 7. Bxc4 b5 8. Bd3
a6 9. e4 c5 10. e5 cxd4 11. Nxb5 axb5 12. exf6 gxf6 13. O-O Qb6 14. Qe2 Ba6 15.
a4 Nc5 16. axb5 Bb7 17. Rxa8+ Bxa8 18. Nxd4 Qd6 19. b6 Nxd3 20. Qxd3 Qxb6 21.
Be3 Qb7 22. f3 Be7 23. Bh6 Bf8 24. Be3 Be7 25. Bh6 Bf8 26. Nf5 Qd5 27. Qxd5
Bxd5 28. Bxf8 Rxf8 29. Ne3 Bc6 30. Rc1 Bd7 31. Rc7 Ke7 32. Rb7 Rc8 33. b3 Kd8
34. Ng4 Ke7 35. Nxf6 Kxf6 36. Rxd7 Rc3 37. Rb7 h5 38. h4 Kg6 39. b4 Rb3 40. Rb8
Rb2 41. b5 Kg7 42. b6 e5 43. b7 f5 44. Kf1 e4 45. Ke1 Kh7 46. Kd1 Kg7 47. Kc1
Rb6 48. Kd2 Rb5 49. Kc3 Rb6 50. Kd4 Rb5 51. Kc4 Rb1 52. Kd5 e3 53. Re8 Rxb7 54.
Rxe3 Rb2 55. Ke5 Rxg2 56. Kxf5 Rg3 57. Ra3 Kh6 58. Kf4 Rh3 1/2-1/2

[Event "Campeonato del Mundo por Equipos 2005"]
[Site "Beer Sheva ISR"]
[Date "2005.11.05"]
[Round "5.2"]
[White "Zhao, Xue"]
[Black "Ivanchuk, Vassily"]
[Result "1/2-1/2"]
[WhiteElo "2478"]
[BlackElo "2748"]
[PlyCount "42"]
[EventDate "2005.11.01"]
[EventType "team"]
[EventRounds "8"]
[EventCountry "ISR"]
[Source "lmi"]
[SourceDate "2005.11.11"]
[WhiteTeam "CHW"]
[BlackTeam "Ukraine"]
[BlackTeamCountry "UKR"]

1. d4 Nf6 2. c4 e6 3. Nf3 b6 4. Nc3 Bb7 5. a3 d5 6. cxd5 Nxd5 7. Qc2 Be7 8. e4
Nxc3 9. bxc3 O-O 10. Bd3 c5 11. O-O Qc8 12. Qe2 Ba6 13. Rd1 Bxd3 14. Rxd3 Nd7
15. h4 Qa6 16. Bg5 Rfe8 17. e5 Rac8 18. Re1 Qxa3 19. d5 Qa4 20. Rdd1 Bxg5 21.
Nxg5 Qxh4 1/2-1/2

[Event "Campeonato del Mundo por Equipos 2005"]
[Site "Beer Sheva ISR"]
[Date "2005.11.05"]
[Round "5.2"]
[White "Ponomariov, Ruslan"]
[Black "Huang, Qian"]
[Result "1-0"]
[WhiteElo "2704"]
[BlackElo "2398"]
[PlyCount "101"]
[EventDate "2005.11.01"]
[EventType "team"]
[EventRounds "8"]
[EventCountry "ISR"]
[Source "lmi"]
[SourceDate "2005.11.11"]
[WhiteTeam "Ukraine"]
[BlackTeam "CHW"]
[WhiteTeamCountry "UKR"]

1. d4 Nf6 2. c4 g6 3. Nc3 Bg7 4. e4 d6 5. Bd3 O-O 6. Nge2 e5 7. d5 Nbd7 8. Bg5
h6 9. Bh4 c6 10. O-O a5 11. Bc2 Qc7 12. Qd2 cxd5 13. cxd5 Kh7 14. f3 Nc5 15.
Bf2 Bd7 16. Bd3 a4 17. Bb5 Rfc8 18. Rab1 Qa5 19. Bxd7 Nfxd7 20. Nc1 Qb4 21. Qe2
Bf8 22. a3 Qa5 23. Nb5 Qd8 24. b4 axb3 25. Nxb3 Nxb3 26. Rxb3 Nc5 27. Rc3 Na4
28. Rc4 Nb6 29. Rb4 Nd7 30. Rfb1 b6 31. g3 Qe7 32. Rc4 Rxc4 33. Qxc4 Nc5 34.
Kg2 h5 35. Rb4 Qd7 36. a4 Be7 37. Nc3 Bd8 38. Qb5 Ra7 39. Qxd7 Rxd7 40. Kf1 Nd3
41. Rc4 Nc5 42. Ke2 Kg7 43. Rb4 Kf8 44. Bxc5 dxc5 45. Rb2 Ra7 46. Kd3 Ke8 47.
Kc4 Kd7 48. f4 f6 49. fxe5 fxe5 50. Rf2 Ke7 51. Kb5 1-0

[Event "Campeonato del Mundo por Equipos 2005"]
[Site "Beer Sheva ISR"]
[Date "2005.11.05"]
[Round "5.2"]
[White "Gong, Qianyun"]
[Black "Moiseenko, Alexander"]
[Result "0-1"]
[WhiteElo "2374"]
[BlackElo "2663"]
[PlyCount "116"]
[EventDate "2005.11.01"]
[EventType "team"]
[EventRounds "8"]
[EventCountry "ISR"]
[Source "lmi"]
[SourceDate "2005.11.11"]
[WhiteTeam "CHW"]
[BlackTeam "Ukraine"]
[BlackTeamCountry "UKR"]

1. e4 c5 2. Nf3 Nc6 3. Nc3 d6 4. d4 cxd4 5. Nxd4 e5 6. Nxc6 bxc6 7. Bc4 Nf6 8.
Bg5 Be7 9. Qd3 h6 10. Bh4 O-O 11. O-O-O Ne8 12. Bxe7 Qxe7 13. Ne2 Qg5+ 14. f4
exf4 15. h4 Qe5 16. Rdf1 Rb8 17. Bb3 Nc7 18. Rxf4 Ba6 19. c4 Ne6 20. Rf5 Nc5
21. Qf3 Qxe4 22. Qxe4 Nxe4 23. Ra5 Rb6 24. Nd4 Nc5 25. Rd1 Re8 26. Bc2 g6 27.
b3 h5 28. Nf3 Re6 29. Ng5 Re5 30. Ra3 d5 31. Nf3 Re2 32. cxd5 cxd5 33. Rxd5 Rc6
34. Rxa6 Nxa6 35. Rd8+ Kg7 36. Nd4 Nb4 37. Nxe2 Rxc2+ 38. Kd1 Rxa2 39. g3 a5
40. Ra8 Nd5 41. Ke1 Kf6 42. Nc1 Rc2 43. Nd3 Nb4 44. Nf2 Ra2 45. Ra7 Nc2+ 46.
Kf1 Nd4 47. b4 a4 48. Ne4+ Kf5 49. Nc3 Rc2 50. Nd1 Rc1 51. Ke1 Kg4 52. Rxf7
Kxg3 53. Rf6 Rc6 54. Rf8 Rc2 55. Rd8 Nf3+ 56. Kf1 a3 57. Rd6 g5 58. hxg5 a2 0-1

[Event "Campeonato del Mundo por Equipos 2005"]
[Site "Beer Sheva ISR"]
[Date "2005.11.05"]
[Round "5.3"]
[White "Bu, Xiangzhi"]
[Black "Jobava, Baadur"]
[Result "1-0"]
[WhiteElo "2637"]
[BlackElo "2601"]
[PlyCount "113"]
[EventDate "2005.11.01"]
[EventType "team"]
[EventRounds "8"]
[EventCountry "ISR"]
[Source "lmi"]
[SourceDate "2005.11.11"]
[WhiteTeam "CHM"]
[BlackTeam "Georgia"]
[BlackTeamCountry "GEO"]

1. Nf3 d5 2. d4 Nf6 3. c4 e6 4. Nc3 Bb4 5. Bg5 c5 6. e3 O-O 7. cxd5 exd5 8.
dxc5 Nbd7 9. Bd3 Qa5 10. O-O Bxc3 11. bxc3 Ne4 12. Qc2 Nxg5 13. Nxg5 h6 14. Nf3
Nxc5 15. Nd4 Bd7 16. Rfd1 Rac8 17. Bf5 Rfd8 18. Rac1 Na4 19. Rd3 Nb6 20. e4
dxe4 21. Bxe4 Rc7 22. Nf5 Qe5 23. Re1 Qf6 24. Nd6 Ba4 25. Qd2 Qg5 26. f4 Qc5+
27. Kh1 Rdd7 28. h3 Nc4 29. Nxc4 Qxc4 30. Bd5 Qa6 31. Rd4 Rc8 32. Re5 Rdc7 33.
Be4 Be8 34. Bf5 Rb8 35. Kh2 f6 36. Rd8 fxe5 37. Rxb8 Re7 38. Qd5+ Kf8 39. fxe5
Qf1 40. Qe4 Qb5 41. e6 Qf1 42. Qe5 Qc4 43. Qd6 Qc6 44. Qxc6 bxc6 45. Kg3 g5 46.
Bg6 Rxe6 47. Rxe8+ Rxe8 48. Bxe8 Kxe8 49. Kg4 Kf8 50. Kf5 Kf7 51. c4 Ke7 52. c5
Kf7 53. Ke5 Ke7 54. a4 h5 55. a5 g4 56. h4 g3 57. a6 1-0

[Event "Campeonato del Mundo por Equipos 2005"]
[Site "Beer Sheva ISR"]
[Date "2005.11.05"]
[Round "5.3"]
[White "Pantsulaia, Levan"]
[Black "Zhang, Pengxiang"]
[Result "1/2-1/2"]
[WhiteElo "2578"]
[BlackElo "2613"]
[PlyCount "38"]
[EventDate "2005.11.01"]
[EventType "team"]
[EventRounds "8"]
[EventCountry "ISR"]
[Source "lmi"]
[SourceDate "2005.11.11"]
[WhiteTeam "Georgia"]
[BlackTeam "CHM"]
[WhiteTeamCountry "GEO"]

1. d4 d5 2. c4 c6 3. Nf3 dxc4 4. e3 Be6 5. a4 Nf6 6. Na3 c5 7. Bxc4 Bxc4 8.
Nxc4 Qd5 9. b3 cxd4 10. Qxd4 Nc6 11. Qxd5 Nxd5 12. Bb2 f6 13. Rd1 O-O-O 14. Nd4
Nxd4 15. Bxd4 b6 16. f4 e6 17. Ke2 Be7 18. g3 Nb4 19. g4 Rd7 1/2-1/2

[Event "Campeonato del Mundo por Equipos 2005"]
[Site "Beer Sheva ISR"]
[Date "2005.11.05"]
[Round "5.3"]
[White "Ni, Hua"]
[Black "Mchedlishvili, Mikheil"]
[Result "1-0"]
[WhiteElo "2603"]
[BlackElo "2564"]
[PlyCount "73"]
[EventDate "2005.11.01"]
[EventType "team"]
[EventRounds "8"]
[EventCountry "ISR"]
[Source "lmi"]
[SourceDate "2005.11.11"]
[WhiteTeam "CHM"]
[BlackTeam "Georgia"]
[BlackTeamCountry "GEO"]

1. d4 Nf6 2. c4 e6 3. Nc3 Bb4 4. a3 Bxc3+ 5. bxc3 c5 6. e3 b6 7. Bd3 Nc6 8. Ne2
O-O 9. e4 Ne8 10. O-O Ba6 11. f4 f6 12. e5 Rc8 13. Qc2 f5 14. d5 Na5 15. d6
Bxc4 16. Bxc4 Nxc4 17. Qd3 b5 18. a4 a6 19. axb5 axb5 20. Ra7 Ra8 21. Rb7 Rb8
22. Rxb8 Qxb8 23. Be3 Qb6 24. Nc1 g5 25. Nb3 gxf4 26. Bxc5 Qc6 27. Bd4 Ng7 28.
Qf3 Qxf3 29. gxf3 Rc8 30. Ra1 Kf7 31. Ra7 Ke8 32. Kf2 Nh5 33. Ke2 Nb2 34. Nc5
Rd8 35. Nxe6 dxe6 36. Re7+ Kf8 37. Rxh7 1-0

[Event "Campeonato del Mundo por Equipos 2005"]
[Site "Beer Sheva ISR"]
[Date "2005.11.05"]
[Round "5.3"]
[White "Gagunashvili, Merab"]
[Black "Zhang, Zhong"]
[Result "0-1"]
[WhiteElo "2542"]
[BlackElo "2598"]
[PlyCount "104"]
[EventDate "2005.11.01"]
[EventType "team"]
[EventRounds "8"]
[EventCountry "ISR"]
[Source "lmi"]
[SourceDate "2005.11.11"]
[WhiteTeam "Georgia"]
[BlackTeam "CHM"]
[WhiteTeamCountry "GEO"]

1. d4 e6 2. c4 b6 3. Nc3 Bb7 4. Nf3 Nf6 5. Bg5 Be7 6. e3 h6 7. Bh4 O-O 8. Bd3
c5 9. O-O d6 10. Qe2 Nbd7 11. Rfd1 a6 12. Rac1 Re8 13. a3 Rc8 14. h3 cxd4 15.
exd4 Nh5 16. Bxe7 Qxe7 17. Qe3 Nhf6 18. b4 Rc7 19. Re1 Qd8 20. Nd2 Nf8 21. Nb3
Rce7 22. a4 Ng6 23. Bxg6 fxg6 24. a5 e5 25. d5 b5 26. cxb5 Bxd5 27. Nxd5 Nxd5
28. Qd2 Nf4 29. b6 Rf7 30. Re3 d5 31. Rec3 Kh7 32. f3 Qh4 33. Kh2 Ref8 34. Nc5
e4 35. b7 Nxh3 36. Qe1 Qh5 37. gxh3 Rxf3 38. Rxf3 Rxf3 39. Qf1 Qe5+ 40. Kh1 Qf4
41. Kg1 Rxf1+ 42. Rxf1 Qg3+ 43. Kh1 Qxh3+ 44. Kg1 Qg3+ 45. Kh1 e3 46. Nxa6 e2
47. Ra1 Qh3+ 48. Kg1 Qg3+ 49. Kh1 Qc3 50. Rb1 Qd3 51. Ra1 Qe4+ 52. Kg1 Qd4+ 0-1

[Event "Campeonato del Mundo por Equipos 2005"]
[Site "Beer Sheva ISR"]
[Date "2005.11.05"]
[Round "5.4"]
[White "Arencibia, Walter"]
[Black "Sutovsky, Emil"]
[Result "1/2-1/2"]
[WhiteElo "2510"]
[BlackElo "2654"]
[PlyCount "63"]
[EventDate "2005.11.01"]
[EventType "team"]
[EventRounds "8"]
[EventCountry "ISR"]
[Source "lmi"]
[SourceDate "2005.11.11"]
[WhiteTeam "Cuba"]
[BlackTeam "Israel"]
[WhiteTeamCountry "CUB"]
[BlackTeamCountry "ISR"]

1. d4 Nf6 2. c4 g6 3. Nc3 d5 4. Nf3 Bg7 5. e3 O-O 6. cxd5 Nxd5 7. Bc4 Nb6 8.
Bb3 c5 9. O-O Na6 10. h3 Bf5 11. Qe2 Rc8 12. Rd1 c4 13. Bc2 Bxc2 14. Qxc2 Nb4
15. Qb1 Nd3 16. Bd2 e5 17. dxe5 Nd7 18. Ne2 N7xe5 19. Nxe5 Bxe5 20. Bc3 Bb8 21.
Nc1 Qc7 22. Nxd3 Qh2+ 23. Kf1 cxd3 24. Qxd3 Qh1+ 25. Ke2 Qxg2 26. Qd4 f6 27.
Qd5+ Qxd5 28. Rxd5 Be5 29. Bxe5 fxe5 30. Rad1 Rc2+ 31. R1d2 Rxd2+ 32. Rxd2
1/2-1/2

[Event "Campeonato del Mundo por Equipos 2005"]
[Site "Beer Sheva ISR"]
[Date "2005.11.07"]
[Round "6.1"]
[White "Dominguez, Lenier"]
[Black "Giorgadze, Giorgi"]
[Result "1/2-1/2"]
[WhiteElo "2635"]
[BlackElo "2601"]
[PlyCount "79"]
[EventDate "2005.11.01"]
[EventType "team"]
[EventRounds "8"]
[EventCountry "ISR"]
[Source "lmi"]
[SourceDate "2005.11.11"]
[WhiteTeam "Cuba"]
[BlackTeam "Georgia"]
[WhiteTeamCountry "CUB"]
[BlackTeamCountry "GEO"]

1. e4 e5 2. Nf3 Nc6 3. Bb5 Nf6 4. O-O Nxe4 5. d4 Nd6 6. Bxc6 dxc6 7. dxe5 Nf5
8. Qxd8+ Kxd8 9. Nc3 Ne7 10. h3 h6 11. Ne4 Ng6 12. b3 a5 13. a4 Bb4 14. Bb2 Nf4
15. Rad1+ Ke8 16. Nd4 Be6 17. Nxe6 fxe6 18. Kh2 Rd8 19. Rxd8+ Kxd8 20. g3 Nd5
21. c4 Nb6 22. f4 Nd7 23. Bd4 Ke7 24. g4 h5 25. Kg2 hxg4 26. hxg4 g6 27. Bf2 b6
28. Rh1 Rxh1 29. Kxh1 Ke8 30. Kg2 Be7 31. Kf3 c5 32. Bg3 Nb8 33. Nc3 Nc6 34.
Ne2 Nd4+ 35. Nxd4 cxd4 36. Ke4 c5 37. f5 Bg5 38. f6 Kf7 39. Bf4 Bxf4 40. Kxf4
1/2-1/2

[Event "Campeonato del Mundo por Equipos 2005"]
[Site "Beer Sheva ISR"]
[Date "2005.11.07"]
[Round "6.1"]
[White "Nogueiras, Jesus"]
[Black "Gagunashvili, Merab"]
[Result "1/2-1/2"]
[WhiteElo "2547"]
[BlackElo "2542"]
[PlyCount "122"]
[EventDate "2005.11.01"]
[EventType "team"]
[EventRounds "8"]
[EventCountry "ISR"]
[Source "lmi"]
[SourceDate "2005.11.11"]
[WhiteTeam "Cuba"]
[BlackTeam "Georgia"]
[WhiteTeamCountry "CUB"]
[BlackTeamCountry "GEO"]

1. c4 e5 2. Nc3 Nf6 3. Nf3 Nc6 4. g3 d5 5. cxd5 Nxd5 6. Bg2 Be6 7. O-O Be7 8.
d4 exd4 9. Nb5 d3 10. Qxd3 Ndb4 11. Qxd8+ Bxd8 12. Bf4 Bxa2 13. Bxc7 a6 14.
Nd6+ Ke7 15. Bxd8+ Nxd8 16. Rfd1 Rb8 17. Ne5 Be6 18. Rac1 Ndc6 19. Bxc6 Nxc6
20. Rxc6 bxc6 21. Nxc6+ Kf6 22. Nxb8 Rxb8 23. Rd2 a5 24. f3 Ke7 25. Ne4 a4 26.
Kf2 Ra8 27. Rc2 a3 28. bxa3 Rxa3 29. Rc7+ Kd8 30. Rb7 Bd5 31. Rb8+ Ke7 32. Nc5
Ra2 33. Rb4 Rc2 34. Nd3 Bc4 35. Rb7+ Ke8 36. Ke3 Bxd3 37. Kxd3 Rc5 38. g4 h5
39. h3 Ra5 40. Ke3 hxg4 41. hxg4 Ra4 42. g5 g6 43. Kf2 Kf8 44. Kg3 Kg7 45. e4
Ra5 46. Kf4 Kf8 47. Rd7 Ra3 48. Kg4 Ke8 49. Rd4 Kf8 50. f4 Kg7 51. Rd7 Re3 52.
Rd4 Ra3 53. f5 gxf5+ 54. Kxf5 Rf3+ 55. Kg4 Rf1 56. Rd3 Kg6 57. Rd6+ Kg7 58. Rd5
Kg6 59. Rf5 Rg1+ 60. Kf4 Rf1+ 61. Kg4 Rg1+ 1/2-1/2

[Event "Campeonato del Mundo por Equipos 2005"]
[Site "Beer Sheva ISR"]
[Date "2005.11.07"]
[Round "6.2"]
[White "Ponomariov, Ruslan"]
[Black "Bu, Xiangzhi"]
[Result "1/2-1/2"]
[WhiteElo "2704"]
[BlackElo "2637"]
[PlyCount "70"]
[EventDate "2005.11.01"]
[EventType "team"]
[EventRounds "8"]
[EventCountry "ISR"]
[Source "lmi"]
[SourceDate "2005.11.11"]
[WhiteTeam "Ukraine"]
[BlackTeam "CHM"]
[WhiteTeamCountry "UKR"]

1. e4 c5 2. Nf3 d6 3. d4 cxd4 4. Nxd4 Nf6 5. Nc3 a6 6. Be3 e5 7. Nb3 Be6 8. f3
Nbd7 9. Qd2 b5 10. O-O-O Be7 11. g4 b4 12. Nd5 Bxd5 13. exd5 Nb6 14. Qxb4 Nfxd5
15. Bxb6 Nxb6 16. f4 Qc7 17. fxe5 dxe5 18. Qe4 O-O 19. h4 a5 20. a4 g6 21. Bb5
f5 22. Qg2 f4 23. Nd2 Bb4 24. g5 Rac8 25. Nf3 Bc3 26. Qh3 Rf5 27. Ne1 f3 28.
bxc3 Qxc3 29. h5 Qa1+ 30. Kd2 Qc3+ 31. Kc1 Qa3+ 32. Kb1 Qb4+ 33. Kc1 Qa3+ 34.
Kb1 Qb4+ 35. Kc1 Qa3+ 1/2-1/2

[Event "Campeonato del Mundo por Equipos 2005"]
[Site "Beer Sheva ISR"]
[Date "2005.11.07"]
[Round "6.2"]
[White "Zhang, Pengxiang"]
[Black "Volokitin, Andrei"]
[Result "1/2-1/2"]
[WhiteElo "2613"]
[BlackElo "2666"]
[PlyCount "83"]
[EventDate "2005.11.01"]
[EventType "team"]
[EventRounds "8"]
[EventCountry "ISR"]
[Source "lmi"]
[SourceDate "2005.11.11"]
[WhiteTeam "CHM"]
[BlackTeam "Ukraine"]
[BlackTeamCountry "UKR"]

1. e4 c5 2. Nf3 d6 3. d4 cxd4 4. Nxd4 Nf6 5. Nc3 a6 6. g3 e6 7. Bg2 Qc7 8. O-O
Be7 9. Be3 O-O 10. a4 Nc6 11. h3 Bd7 12. g4 Nxd4 13. Qxd4 e5 14. Qd2 Be6 15. a5
Rac8 16. Rfc1 Nd7 17. Na4 h6 18. b3 Qd8 19. Rd1 Rc6 20. Rab1 Bg5 21. Bxg5 Qxg5
22. c4 Rb8 23. Rb2 b5 24. axb6 Nxb6 25. Nc3 Qxd2 26. Rdxd2 g5 27. Bf1 Nd7 28.
Be2 Rcb6 29. b4 Rxb4 30. Rxb4 Rxb4 31. Rxd6 a5 32. Ra6 Bxc4 33. Rxa5 Bxe2 34.
Nxe2 Rxe4 35. Ng3 Re1+ 36. Kg2 Nf6 37. Nf5 h5 38. Ne3 hxg4 39. hxg4 Nd7 40. Rd5
Nf8 41. Rxe5 Ne6 42. Kg3 1/2-1/2